000 00592nam a22001457a 4500
008 181117b xxu||||| |||| 00| 0 eng d
020 _a9788968899277
082 _a708
_bSA171m
100 _aSalmerón, Ernesto
_93630
245 _aEl Muro. Auras de Guerra: Intervenciones dentro del espacio público revolucionario nicaragüense.
260 _aSan José, Costa Rica
_bTEOR/éTica
_c2007
300 _a98 p.
_bil (col).
_c6.3 x 14.2 cm
650 _2Arte contemporáneo
_xArte - exhibiciones
_zArte - 52ª Bienal de Arte de Venecia
_zArte - Nicaragua
_96779
700 _aPérez-Rattón, Virginia
_9580
999 _c1666
_d1666